Participación Popular: un enfoque de investigación /
Uloženo v:
| Hlavní autor: | |
|---|---|
| Další autoři: | |
| Médium: | Text |
| Vydáno: |
Paris:
Perugrapf Editores S.A.
|
| Tagy: |
Přidat tag
Žádné tagy, Buďte první, kdo vytvoří štítek k tomuto záznamu!
|
MARC
| LEADER | 00000 a a2200000 04500 | ||
|---|---|---|---|
| 001 | 14267 | ||
| 003 | |||
| 040 | |||
| 090 | |a 021900 | ||
| 100 | |a Pearse, Andrew | ||
| 245 | |a Participación Popular: un enfoque de investigación / |c Andrew Pearse | ||
| 260 | |a Paris: |b Perugrapf Editores S.A. | ||
| 300 | |a 20 p. | ||
| 500 | |a Separata de "SOCIALISMO Y PARTICIPACION", n° 9 | ||
| 700 | |a Stiefel, Matthias | ||
| 999 | |c 12395 |d 12395 | ||
